000
00308nam a22001457a 4500
008
210308b ||||| |||| 00| 0 eng d
020
_a
9780321840813
041
_a
eng
080
_2
6th
_a
51
082
_a
51
100
_a
36
101
_a
MAT
245
_a
College Algebra
_c
Blitzer, R
942
_2
udc
_c
BK
999
_c
56021
_d
56021